Представление документа в формате RUSMARC

ПолеНазваниеЗначение
  Тип записи a
  Библиографический уровень m
001 Контрольный номер fe56fdd58ab2410c9ff830cb4b41ae02
005 Дата корректировки 20200124114919.9
010 Индекс ISBN __
a ISBN 978-5-394-01781-0
101 Язык документа 0_
a Язык текста rus
102 Страна публикации __
a Страна публикации RU
200 Заглавие и сведения об ответственности 1_
a Заглавие Феминология и гендерная политика
b Общее обозначение материала Текст
e Сведения, относящиеся к заглавию учебник
f Первые сведения об ответственности Е. М. Зуйкова, Р. И. Ерусланова
205 Сведения об издании __
a Основные сведения об издании 3-е изд.
210 Выходные данные 1_
a Место издания Москва
c Издательство Дашков и К
d Дата издания 2018
215 Физическое описание __
a Объем 308 с.
330 Аннотация __
a Аннотация Учебник написан в соответствии с требованиями ФГОС по направлению подготовки "Социальная работа". В нем рассмотрены многочисленные аспекты социально-экономического, политического и духовного положения женщин в России, даны рекомендации по эгалитарному решению проблем, существующих в обществе. Для студентов, аспирантов, преподавателей, а также тех, кто занимается проблемами равенства женщин и мужчин, реализации гендерной политики и ликвидации "двойного стандарта". Гриф
610 Ключевые слова 0_
a Ключевые слова социальная работа
a Ключевые слова феминология
a Ключевые слова гендер
a Ключевые слова гендерная политика
a Ключевые слова пол
a Ключевые слова женщина
a Ключевые слова женщина и наука
a Ключевые слова женщина и армия
a Ключевые слова женщина и политика
a Ключевые слова женщина и СМИ
a Ключевые слова проституция
a Ключевые слова насилие
a Ключевые слова учебник
a Ключевые слова гриф
686 Индексы других классификаций __
a Классификационный индекс 65.052
700 Автор _1
a Фамилия Зуйкова
b Имя Е. М.
701 Альтернативная интеллектуальная ответственность _1
a Фамилия Ерусланова
b Имя Р. И.
e Роль лиц Автор
4 Код отношения 070
801 Источник записи _0
a Страна RU
b Организация РУК
c Дата составления 20200124
g Правила каталогизации PSBO
801 Источник записи _1
a Страна RU
b Организация РУК
g Правила каталогизации PSBO
852 Данные о местонахождении __
i Авторский знак З-93
j Шифр хранения 65.052
901 Тип документа __
t Тип документа m
937 Технологическая информация __
a Создатель записи (имя) Мясникова
938 Служебная информация __
a Название организации Головной вуз
952 Тип литературы __
b Гриф литературы для ВШ гриф
c Вид литературы учебник